[Event "Capablanca mem Elite 39th"]
[Site "Havana"]
[Date "2004.05.15"]
[Round "8"]
[White "Luther, Thomas"]
[Black "Maiwald, Jens Uwe"]
[Result "1/2-1/2"]
[WhiteElo "2577"]
[BlackElo "2543"]
[PlyCount "20"]
[EventDate "2004.05.06"]
[Source "ChessBase"]
[SourceDate "2004.07.27"]

1. Nf3 d5 2. b4 Bg4 3. Bb2 Nd7 4. a3 Ngf6 5. d3 e6 6. Nbd2 a5 7. b5 Be7 8. e3 O-O 9. h3 Bxf3 10. Nxf3 c6 1/2-1/2

[Event "Donetzk zt"]
[Site "Donetsk"]
[Date "1998.11.11"]
[Round "9"]
[White "Mikhaletz, Lubomir"]
[Black "Kruppa, Yuri"]
[Result "0-1"]
[WhiteElo "2495"]
[BlackElo "2570"]
[PlyCount "84"]
[EventDate "1998.11.02"]
[Source "ChessBase"]
[SourceDate "1999.02.01"]

1. Nf3 d5 2. b4 Bg4 3. Bb2 Nd7 4. e3 Ngf6 5. h3 Bxf3 6. Qxf3 e6 7. a3 c6 8. g4 Nb6 9. Nc3 Bd6 10. b5 O-O 11. a4 Nfd7 12. Qg2 Ne5 13. Be2 Nec4 14. Bc1 Bb4 15. Na2 Ba5 16. bxc6 bxc6 17. c3 Qd7 18. O-O c5 19. d3 Nd6 20. Ba3 Rfc8 21. f4 Qxa4 22. Bb2 Qc2 23. Rfb1 Na4 24. Bd1 Qxg2+ 25. Kxg2 Nxb2 26. Rxb2 Rab8 27. Rab1 Rb6 28. Rxb6 axb6 29. Bf3 Rd8 30. Kf2 g6 31. g5 b5 32. e4 dxe4 33. dxe4 b4 34. cxb4 cxb4 35. Nc1 Rc8 36. Nd3 Rc2+ 37. Kg3 Rc3 38. Nf2 Nc4 39. Ra1 Ra3 40. Rd1 b3 41. Be2 b2+ 42. Bd3 Bb6 0-1

[Event "It (Men) Bucharest ROM"]
[Site "?"]
[Date "2000.??.??"]
[Round "8"]
[White "Vukovic Zdravko"]
[Black "Mateuta Gabriel"]
[Result "1/2-1/2"]
[WhiteElo "2475"]
[BlackElo "2405"]
[PlyCount "26"]
[EventDate "2000.??.??"]
[Source "www.chesslib.no"]
[SourceDate "2004.05.04"]

1. Nf3 d5 2. b4 Nf6 3. Bb2 e6 4. b5 c5 5. e3 Bd6 6. Be2 Nbd7 7. c4 O-O 8. O-O b6 9. d3 Bb7 10. Nbd2 a6 11. bxa6 Rxa6 12. Nb1 dxc4 13. dxc4 Qc7 1/2-1/2

[Event "Chigorin Mem Open, St Petersburg RUS"]
[Site "?"]
[Date "2001.??.??"]
[Round "1"]
[White "Balashov, Y."]
[Black "Zimina, O."]
[Result "1-0"]
[WhiteElo "2555"]
[BlackElo "2325"]
[PlyCount "63"]
[EventDate "2001.??.??"]
[Source "www.chesslib.no"]
[SourceDate "2004.05.04"]

1. Nf3 d5 2. b4 Bf5 3. Bb2 e6 4. e3 Nf6 5. a3 a5 6. b5 c6 7. c4 Bd6 8. Nc3 O-O 9. d4 dxc4 10. Bxc4 Nbd7 11. O-O c5 12. Na4 Rc8 13. Rc1 Qe7 14. dxc5 Nxc5 15. Nxc5 Bxc5 16. Qa4 Ne4 17. Ba2 Bb6 18. Bb1 Nd6 19. Bxf5 Nxf5 20. Qg4 f6 21. Qe4 Rc5 22. a4 Rd5 23. Ba3 Qd7 24. Bxf8 Kxf8 25. Qb1 Rd6 26. Rfd1 Kf7 27. Rxd6 Qxd6 28. Rd1 Qc7 29. Qd3 Ke7 30. g4 Nd6 31. Qxh7 Ne8 32. Qd3 1-0

[Event "2.Bundesliga Mitte 04/05"]
[Site "AUT"]
[Date "2004.10.17"]
[Round "2.13"]
[White "Hellmayr, Alois"]
[Black "Horvath, Peter"]
[Result "0-1"]
[WhiteElo "2324"]
[BlackElo "2503"]
[PlyCount "78"]
[EventDate "2004.10.16"]
[Source "Roberto Alvarez"]
[SourceDate "2004.11.15"]

1. Nf3 d5 2. b4 Bg4 3. Bb2 Nd7 4. e3 e5 5. h3 Bxf3 6. Qxf3 Ngf6 7. a3 e4 8. Qd1 Bd6 9. d3 Be5 10. d4 Bd6 11. c4 c6 12. c5 Bc7 13. Nd2 O-O 14. a4 Ne8 15. h4 f5 16. g3 Qf6 17. Bh3 g6 18. Qe2 Ng7 19. Nb3 b6 20. cxb6 axb6 21. a5 Nh5 22. Rg1 Bd6 23. Bc3 Qe7 24. Qd2 Nhf6 25. Bf1 Rfb8 26. axb6 Rxa1+ 27. Nxa1 Nxb6 28. Nb3 Na4 29. Nc5 Nxc3 30. Qxc3 Qa7 31. Be2 Qb6 32. Kd2 Qxb4 33. Qxb4 Rxb4 34. Kc3 Bxc5 35. dxc5 Ra4 36. Rb1 Nd7 37. Rb6 Nxb6 38. cxb6 c5 39. Bb5 Rb4 0-1

[Event "HUN-chT2 0102"]
[Site "?"]
[Date "2002.04.07"]
[Round "10"]
[White "Grunberg Mihai"]
[Black "Ezsol Miklos"]
[Result "0-1"]
[WhiteElo "2442"]
[BlackElo "2370"]
[PlyCount "106"]
[EventDate "2002.??.??"]
[Source "www.chesslib.no"]
[SourceDate "2004.05.04"]

1. Nf3 d5 2. b4 Bg4 3. Bb2 Nd7 4. b5 c5 5. a4 Ngf6 6. a5 h6 7. c4 d4 8. d3 e5 9. g3 e4 10. dxe4 Nxe4 11. Bg2 Nd6 12. Qb3 Be7 13. a6 b6 14. e3 O-O 15. O-O dxe3 16. fxe3 Be6 17. Nfd2 Bg5 18. h4 Bf6 19. Bxf6 Nxf6 20. Bxa8 Qxa8 21. Nc3 Bh3 22. Rf3 Rd8 23. Ra2 Nxc4 24. Qxc4 Be6 25. Qe2 Bxa2 26. Rxf6 gxf6 27. Nxa2 Qd5 28. Nc4 Qd7 29. Nc3 Qh3 30. Ne4 Kg7 31. Ncd6 Qe6 32. Qd2 Rd7 33. g4 Qxg4+ 34. Qg2 Qxg2+ 35. Kxg2 Kg6 36. h5+ Kg7 37. Nf5+ Kf8 38. Kf3 Rd5 39. Kf4 c4 40. Nd4 Rxh5 41. Nxf6 Rh4+ 42. Kf3 c3 43. Ke2 Rh1 44. Kd3 h5 45. Kxc3 h4 46. Ng4 h3 47. Nf3 f5 48. Ngh2 Ke7 49. Kd2 Kd6 50. Ke2 Kc5 51. Nf1 Kxb5 52. Kf2 Kxa6 53. Nd4 h2 0-1

[Event "Oslo2"]
[Site "Oslo NOR"]
[Date "1992.??.??"]
[Round "1"]
[White "Engqvist, Thomas"]
[Black "Kiik, Kalle"]
[Result "1-0"]
[WhiteElo "2395"]
[BlackElo "2395"]
[PlyCount "73"]
[EventDate "1992.??.??"]
[Source "www.chesslib.no"]
[SourceDate "2004.05.04"]

1. Nf3 d5 2. b4 Nf6 3. Bb2 e6 4. a3 Be7 5. e3 a5 6. b5 Nbd7 7. Be2 O-O 8. O-O c5 9. c4 b6 10. d4 Bb7 11. Nbd2 cxd4 12. exd4 Rc8 13. Rc1 Rc7 14. Qa4 Qa8 15. cxd5 Rxc1 16. Rxc1 Nxd5 17. g3 Rc8 18. Rxc8+ Qxc8 19. Nc4 f6 20. Qb3 Nf8 21. Nfd2 Nd7 22. Bg4 f5 23. Bf3 Qc7 24. Qd3 Bg5 25. Qe2 Kf7 26. Bxd5 Bxd5 27. Qh5+ Kg8 28. Qxg5 Bxc4 29. d5 e5 30. d6 Qc8 31. Nxc4 Qxc4 32. Qd8+ Nf8 33. Qxb6 Qc2 34. Qc6 Qxb2 35. Qd5+ Kh8 36. d7 Qc1+ 37. Kg2 1-0

[Event "Danube Open"]
[Site "?"]
[Date "1998.12.29"]
[Round "5"]
[White "Kranzl Peter"]
[Black "Teske Henrik"]
[Result "0-1"]
[WhiteElo "2280"]
[BlackElo "2510"]
[PlyCount "50"]
[EventDate "1998.??.??"]
[Source "www.chesslib.no"]
[SourceDate "2004.05.04"]

1. Nf3 d5 2. b4 Bg4 3. Bb2 Bxf3 4. gxf3 Nd7 5. f4 Ngf6 6. e3 e6 7. b5 c5 8. a4 g6 9. d3 Bg7 10. Nd2 O-O 11. Bg2 Qc7 12. O-O Rfe8 13. Ra2 Rad8 14. h3 e5 15. fxe5 Nxe5 16. Nf3 d4 17. Nxe5 Rxe5 18. Qf3 Nd5 19. Qg3 Nb4 20. Raa1 dxe3 21. fxe3 Nxc2 22. Rac1 Nxe3 23. Bxe5 Bxe5 24. Qf3 Nxf1 25. Rxf1 b6 0-1

[Event "inAUTOmarket Open"]
[Site "?"]
[Date "2005.07.14"]
[Round "5"]
[White "Balashov Yuri S"]
[Black "Gerasimovitch Olga"]
[Result "1-0"]
[WhiteElo "2469"]
[BlackElo "2270"]
[PlyCount "85"]
[EventDate "2005.??.??"]
[Source "www.chesslib.no"]
[SourceDate "2004.05.04"]

1. Nf3 d5 2. b4 Bf5 3. Bb2 e6 4. a3 Nf6 5. e3 Nbd7 6. Be2 h6 7. O-O Be7 8. d3 O-O 9. Nbd2 a5 10. b5 c6 11. a4 cxb5 12. axb5 Qb6 13. c4 dxc4 14. Nxc4 Qd8 15. Bc3 b6 16. Nd4 Qc7 17. Nc6 Rfe8 18. Rc1 Bf8 19. Bf3 Nd5 20. Ba1 Bg6 21. d4 Rac8 22. e4 Nb4 23. Qd2 Nxc6 24. bxc6 Qxc6 25. Ne5 Qd6 26. Nxg6 fxg6 27. Rxc8 Rxc8 28. Qa2 Kh7 29. h4 Qa3 30. Qb1 Qb4 31. Qd1 Nf6 32. g3 a4 33. d5 exd5 34. exd5 b5 35. Bxf6 gxf6 36. h5 Qb3 37. Qe2 a3 38. hxg6+ Kh8 39. Qe6 Qc3 40. d6 a2 41. d7 a1=Q 42. dxc8=Q Qxc8 43. Qxc8 1-0

[Event "CRO-chT2"]
[Site "Tucepi"]
[Date "1996.??.??"]
[Round "?"]
[White "Franic, Milan"]
[Black "Gazarek, Danko"]
[Result "1-0"]
[WhiteElo "2375"]
[BlackElo "2345"]
[PlyCount "99"]
[EventDate "1996.??.??"]
[Source "www.chesslib.no"]
[SourceDate "2004.05.04"]

1. Nf3 d5 2. b4 Qd6 3. a3 e5 4. Bb2 f6 5. e3 Bg4 6. h3 Bh5 7. c4 Ne7 8. Nc3 c6 9. Rc1 Nd7 10. cxd5 Nxd5 11. Ne4 Qe6 12. Ng3 Bf7 13. Bc4 N7b6 14. Bb3 Qd7 15. d4 exd4 16. Nxd4 Bd6 17. Ngf5 Bf8 18. O-O g6 19. e4 Nc7 20. Ne3 Bg7 21. b5 c5 22. Rxc5 O-O 23. a4 Rad8 24. a5 Nc8 25. Qc2 Ne6 26. Nxe6 Bxe6 27. Rc7 Qe8 28. Rxb7 Nd6 29. Rxa7 Nxb5 30. Ra6 Bxb3 31. Qxb3+ Kh8 32. Nd5 Qxe4 33. Qxb5 Qxd5 34. Qxd5 Rxd5 35. Ra1 Rd2 36. Bc3 Rd3 37. Rc6 Rxc3 38. Rxc3 f5 39. Rca3 Bxa1 40. Rxa1 Kg7 41. a6 Kf6 42. a7 Ra8 43. Kf1 Ke5 44. Ke2 g5 45. Ra5+ Ke4 46. f3+ Kd4 47. Rxf5 Rxa7 48. Rxg5 Ra2+ 49. Kf1 Ke3 50. Kg1 1-0

[Event "Rymarov op"]
[Site "?"]
[Date "1999.??.??"]
[Round "?"]
[White "Pisk Petr"]
[Black "Drozdov Alexandre"]
[Result "1-0"]
[WhiteElo "2415"]
[BlackElo "2295"]
[PlyCount "159"]
[EventDate "1999.??.??"]
[Source "www.chesslib.no"]
[SourceDate "2004.05.04"]

1. Nf3 d5 2. b4 e6 3. a3 Nf6 4. e3 Be7 5. Bb2 O-O 6. Be2 Nbd7 7. O-O c5 8. bxc5 Nxc5 9. a4 Bd7 10. a5 Na4 11. Bd4 Qxa5 12. Ne5 Qc7 13. f4 b5 14. Ra2 Rfb8 15. g4 Bc5 16. Rxa4 bxa4 17. Bxc5 Qxc5 18. g5 Qe7 19. gxf6 gxf6 20. Nxd7 Qxd7 21. Nc3 Rb2 22. Bd3 f5 23. Qa1 Rb4 24. Na2 Rb6 25. Kf2 d4 26. exd4 Rd8 27. Rg1+ Kf8 28. Ke3 a3 29. Qc3 Qd6 30. Ra1 Rc6 31. Qb4 Ke7 32. c3 Rg8 33. Qxd6+ Rxd6 34. Nb4 Rg2 35. Rxa3 Rxh2 36. Be2 Rd7 37. Nc6+ Kf6 38. Rxa7 Rxa7 39. Nxa7 h5 40. Bf3 h4 41. c4 Rh3 42. c5 Ke7 43. Nc6+ Ke8 44. Ne5 f6 45. Ng6 Kd7 46. Nf8+ Ke7 47. c6 Kd6 48. c7 Kxc7 49. Nxe6+ Kd7 50. Ng7 Rh2 51. Nxf5 Ke6 52. Ng7+ Kf7 53. Nh5 Rh3 54. f5 Rh2 55. Bd5+ Ke7 56. Nf4 Kd6 57. Be4 Ke7 58. Bf3 Kf7 59. Bh5+ Kf8 60. Ng6+ Ke8 61. Bf3 Rh3 62. Nf4 Rg3 63. Nh5 Rg5 64. Nxf6+ Kd8 65. Kf4 Rg1 66. Bg4 Rg2 67. Ne4 Ke7 68. d5 Kf7 69. d6 Rg1 70. Bh5+ Kf8 71. f6 Rf1+ 72. Ke5 Ra1 73. d7 Ra8 74. Nc5 Kg8 75. Ne6 Ra5+ 76. Kd6 Ra6+ 77. Ke7 Ra7 78. Ke8 h3 79. f7+ Kh7 80. f8=Q 1-0

[Event "Kazan RUS"]
[Site "?"]
[Date "2006.06.02"]
[Round "2"]
[White "Balashov Yuri S"]
[Black "Vafin Niaz"]
[Result "1/2-1/2"]
[WhiteElo "2462"]
[BlackElo "2242"]
[PlyCount "52"]
[EventDate "2006.??.??"]
[Source "www.chesslib.no"]
[SourceDate "2004.05.04"]

1. Nf3 d5 2. b4 Nf6 3. Bb2 Bf5 4. e3 e6 5. a3 Be7 6. Be2 O-O 7. Nh4 Nbd7 8. Nxf5 exf5 9. O-O c6 10. c4 dxc4 11. Bxc4 Nb6 12. Bb3 a5 13. bxa5 Rxa5 14. Nc3 Qd7 15. Ne2 Ne4 16. d4 Rfa8 17. a4 Bb4 18. Qc2 c5 19. Rfc1 Nxa4 20. f3 Bd2 21. fxe4 Bxe3+ 22. Kh1 Nxb2 23. Rxa5 Rxa5 24. Qc3 Bxc1 25. Qxa5 Bg5 26. Qxc5 Nd3 1/2-1/2

[Event "Sevilla Villa de Coria op 9th"]
[Site "?"]
[Date "2003.??.??"]
[Round "2"]
[White "Alcaide Gomez Fernando"]
[Black "Korneev Oleg"]
[Result "0-1"]
[WhiteElo "2091"]
[BlackElo "2613"]
[PlyCount "44"]
[EventDate "2003.??.??"]
[Source "www.chesslib.no"]
[SourceDate "2004.05.04"]

1. Nf3 d5 2. b4 Bg4 3. Bb2 Nd7 4. h3 Bxf3 5. exf3 Ngf6 6. d4 e6 7. a3 a5 8. b5 c5 9. bxc6 bxc6 10. c4 Bd6 11. Qa4 Qc8 12. cxd5 cxd5 13. Nd2 O-O 14. Bd3 Bf4 15. Rc1 Bxd2+ 16. Kxd2 Qb8 17. Bc3 Nb6 18. Qb5 Nc4+ 19. Bxc4 dxc4 20. Qxc4 Rc8 21. Qd3 Nd5 22. Ba1 Qf4+ 0-1

[Event "Grigorov Mem"]
[Site "Pernik"]
[Date "2003.12.13"]
[Round "3"]
[White "Rusev, Krasimir"]
[Black "Karakehajov, Kalin"]
[Result "0-1"]
[WhiteElo "2379"]
[BlackElo "2319"]
[PlyCount "55"]
[EventDate "2003.12.12"]
[Source "Roberto Alvarez"]
[SourceDate "2004.01.26"]

1. Nf3 d5 2. b4 e6 3. Bb2 Nf6 4. b5 Be7 5. e3 O-O 6. c4 c6 7. a4 Nbd7 8. Be2 a6 9. Nc3 Nc5 10. O-O Nfe4 11. bxc6 bxc6 12. Ne5 Qc7 13. Nxe4 dxe4 14. f3 Rb8 15. Bc3 f6 16. Ng4 e5 17. Nf2 exf3 18. Bxf3 Bd6 19. g3 Be6 20. d3 Rfd8 21. Qc2 Bf5 22. Rad1 Bg6 23. Bg2 Bf8 24. e4 Bf7 25. Bh3 Ne6 26. Bxe6 Bxe6 27. Rb1 Bc5 28. Kg2 0-1

[Event "Ch SCG (team)"]
[Site "?"]
[Date "2005.05.19"]
[Round "5"]
[White "Popovic Milos (SCG)"]
[Black "Savanovic Aleksandar (SCG)"]
[Result "0-1"]
[WhiteElo "2279"]
[BlackElo "2413"]
[PlyCount "30"]
[EventDate "2005.??.??"]
[Source "www.chesslib.no"]
[SourceDate "2004.05.04"]

1. Nf3 d5 2. b4 Nf6 3. Bb2 e6 4. a3 c5 5. b5 a6 6. c4 dxc4 7. a4 axb5 8. axb5 Rxa1 9. Bxa1 Qa5 10. Nc3 Bd7 11. Qb1 Qb4 12. Qa2 Bxb5 13. Qa8 Bd6 14. Qxb7 Ba6 15. Qa8 Qa3 0-1

[Event "Santiago zt"]
[Site "?"]
[Date "1996.??.??"]
[Round "?"]
[White "Izquierdo Daniel"]
[Black "Arancibia Eduardo"]
[Result "1-0"]
[WhiteElo "2325"]
[BlackElo "2365"]
[PlyCount "93"]
[EventDate "1996.??.??"]
[Source "www.chesslib.no"]
[SourceDate "2004.05.04"]

1. Nf3 d5 2. b4 Qd6 3. a3 e5 4. Bb2 f6 5. d3 a5 6. c3 axb4 7. axb4 Rxa1 8. Bxa1 Ne7 9. Nbd2 Ng6 10. g3 Be7 11. Bg2 O-O 12. O-O Be6 13. e4 dxe4 14. Nxe4 Qb6 15. Qc2 Nc6 16. Rb1 Ra8 17. b5 Nb8 18. c4 Nd7 19. d4 exd4 20. Bxd4 c5 21. bxc6 Qxc6 22. Nfd2 Qa4 23. Qxa4 Rxa4 24. Nc3 Rb4 25. Rxb4 Bxb4 26. Bxb7 Nge5 27. Bd5 Bxd5 28. cxd5 Bxc3 29. Bxc3 Nb6 30. Bxe5 fxe5 31. d6 Kf7 32. Ne4 Ke6 33. Kg2 Nc8 34. Ng5+ Kxd6 35. Nxh7 Ke6 36. Kf3 Nd6 37. Kg4 Nc8 38. Kg5 Ne7 39. Nf8+ Kf7 40. Nd7 Ke6 41. Nb6 Kf7 42. Nc4 Ke6 43. Ne3 Kf7 44. h4 Ke6 45. g4 Kf7 46. h5 Kf8 47. Nc4 1-0

[Event "It (b)"]
[Site "Dubna (Russia)"]
[Date "2007.08.06"]
[Round "8"]
[White "Grebenshikov V (KAZ)"]
[Black "Gunina Valentina (RUS)"]
[Result "1-0"]
[WhiteElo "2307"]
[BlackElo "2361"]
[PlyCount "79"]
[EventDate "2007.??.??"]
[Source "www.chesslib.no"]
[SourceDate "2004.05.04"]

1. Nf3 d5 2. b4 Nf6 3. Bb2 Bf5 4. e3 e6 5. a3 Be7 6. c4 O-O 7. Nc3 a5 8. b5 dxc4 9. Bxc4 Nbd7 10. d4 Nb6 11. Ba2 c5 12. bxc6 bxc6 13. Ne5 Qc7 14. Rc1 Qb7 15. O-O Rfd8 16. Qf3 Rac8 17. g4 Nbd5 18. Na4 Be4 19. Qe2 Qb5 20. Qc4 Bd6 21. Rfe1 h6 22. f3 Bxe5 23. fxe4 Bxh2+ 24. Kxh2 Nxe3 25. Qxb5 cxb5 26. Nc5 Nexg4+ 27. Kg3 h5 28. e5 Nd5 29. Bxd5 Rxd5 30. Nb7 Rf8 31. Rc5 Rd7 32. Rxb5 f6 33. Nc5 Rd5 34. Rb7 Rf7 35. Rb8+ Kh7 36. Nxe6 g5 37. Rf1 Kg6 38. Rg8+ Kh7 39. Rxg5 Kh6 40. Rxh5+ 1-0

[Event "Balatonbereny op"]
[Site "?"]
[Date "1996.??.??"]
[Round "5"]
[White "Pal Peter"]
[Black "Szabo Zsolt"]
[Result "0-1"]
[WhiteElo "2285"]
[BlackElo "2370"]
[PlyCount "72"]
[EventDate "1996.??.??"]
[Source "www.chesslib.no"]
[SourceDate "2004.05.04"]

1. Nf3 d5 2. b4 Nf6 3. e3 Bg4 4. Be2 Nbd7 5. Bb2 e6 6. a3 Bd6 7. d4 O-O 8. Nbd2 c6 9. c4 Rc8 10. Ne5 Bxe2 11. Qxe2 Bb8 12. O-O Nxe5 13. dxe5 Nd7 14. f4 Qe7 15. e4 dxc4 16. Nxc4 b5 17. Ne3 Rfd8 18. Kh1 a6 19. Ng4 Qh4 20. Rac1 h5 21. Ne3 c5 22. g3 Qh3 23. Nd1 Qg4 24. Qxg4 hxg4 25. Ne3 Nb6 26. bxc5 Na4 27. Bc3 Rd3 28. Nd1 Rxc5 29. Bb2 Ba7 30. Rxc5 Bxc5 31. Bc1 Bxa3 32. Nf2 Rf3 33. Bxa3 Rxa3 34. Nxg4 b4 35. Rd1 b3 36. Rd8+ Kh7 0-1

[Event "St Affrique Open"]
[Site "Saint Affrique FRA"]
[Date "1995.??.??"]
[Round "3"]
[White "Lebel, Patrick"]
[Black "Marciano, David"]
[Result "1/2-1/2"]
[WhiteElo "2200"]
[BlackElo "2430"]
[PlyCount "40"]
[EventDate "1995.??.??"]
[Source "www.chesslib.no"]
[SourceDate "2004.05.04"]

1. Nf3 d5 2. b4 Bg4 3. Bb2 Nd7 4. e3 Ngf6 5. a3 e6 6. c4 a5 7. cxd5 exd5 8. b5 Bd6 9. Be2 O-O 10. O-O Nc5 11. a4 Qe7 12. d3 Ne6 13. Nbd2 Rfe8 14. Re1 Bb4 15. Qc1 c6 16. bxc6 Rac8 17. Ne5 Bxe2 18. Rxe2 Nc5 19. d4 Ncd7 20. Ndf3 Nb8 1/2-1/2

[Event "Melbourne"]
[Site "?"]
[Date "2002.07.10"]
[Round "10"]
[White "Teichmann Erik OMC"]
[Black "Levi Eddy"]
[Result "1-0"]
[WhiteElo "2326"]
[BlackElo "2264"]
[PlyCount "65"]
[EventDate "2002.??.??"]
[Source "www.chesslib.no"]
[SourceDate "2004.05.04"]

1. Nf3 d5 2. b4 f6 3. Bb2 e5 4. b5 c5 5. bxc6 Nxc6 6. e3 Bg4 7. Be2 Bd6 8. c4 e4 9. Nd4 Bxe2 10. Qxe2 Ne5 11. cxd5 Nd3+ 12. Kf1 Qb6 13. Bc3 Ne7 14. Qg4 Qa6 15. Kg1 Qa4 16. g3 Nc5 17. Kg2 O-O 18. Bb2 f5 19. Qg5 h6 20. Qh5 Nd3 21. Bc3 Qd7 22. f3 Nxd5 23. fxe4 Ne7 24. exf5 Nxf5 25. Nf3 Rae8 26. Rf1 Qc6 27. Kg1 Bxg3 28. hxg3 Nxg3 29. Qg4 Qc7 30. Rd1 h5 31. Qg6 Ne4 32. Rf1 Qc5 33. Qxg7# 1-0

[Event "Neuhausen (Germany)"]
[Site "?"]
[Date "2004.05.??"]
[Round "?"]
[White "Ulaneo"]
[Black "Strohhaeker Raoul (GER)"]
[Result "1-0"]
[WhiteElo "2417"]
[BlackElo "2163"]
[PlyCount "81"]
[EventDate "2004.??.??"]
[Source "www.chesslib.no"]
[SourceDate "2004.05.04"]

1. Nf3 d5 2. b4 e6 3. a3 c5 4. bxc5 Bxc5 5. d4 Bd6 6. e3 Nf6 7. Bd3 b6 8. Nbd2 Bb7 9. c4 O-O 10. Bb2 Nbd7 11. Qb1 Re8 12. O-O Qe7 13. Ne5 Bxe5 14. dxe5 Ng4 15. Nf3 f5 16. exf6 Ngxf6 17. cxd5 exd5 18. Bd4 Ne4 19. Ra2 Rac8 20. a4 Rf8 21. Rc1 Rxc1+ 22. Qxc1 Rc8 23. Rc2 Nec5 24. Qa3 Qd8 25. Bf5 Ne4 26. Rxc8 Bxc8 27. Be6+ Kh8 28. Bxd5 Ndc5 29. Bxe4 Nxe4 30. h3 h6 31. Qa2 Nd6 32. Qd5 Bb7 33. Qe6 Kh7 34. Qg4 Qe7 35. Ne5 Be4 36. f3 Bf5 37. Qg3 g5 38. Nc6 Qe6 39. Nxa7 Bc2 40. Nb5 Nxb5 41. axb5 1-0

[Event "FIN Team Ch"]
[Site "Finland"]
[Date "1991.??.??"]
[Round "?"]
[White "Kivisto, Mikko"]
[Black "Hakulinen, Esko-Matti"]
[Result "0-1"]
[WhiteElo "2265"]
[BlackElo "2310"]
[PlyCount "80"]
[EventDate "1991.??.??"]
[Source "www.chesslib.no"]
[SourceDate "2004.05.04"]

1. Nf3 d5 2. b4 Nf6 3. Bb2 Bf5 4. e3 e6 5. a3 c6 6. d3 a5 7. bxa5 Rxa5 8. Nbd2 Nbd7 9. Nd4 Bg6 10. c4 Bd6 11. Be2 Qe7 12. cxd5 exd5 13. a4 Nc5 14. Qc2 O-O 15. Bc3 Ra7 16. O-O Nfd7 17. N2f3 Rfa8 18. a5 Bc7 19. Nb3 Nxb3 20. Qxb3 Nc5 21. Qa3 Bd6 22. Bb4 Ne4 23. Bxd6 Nxd6 24. d4 Qc7 25. a6 b5 26. Ne5 f6 27. Nxg6 hxg6 28. g3 Nc4 29. Bxc4 dxc4 30. e4 Rxa6 31. Qxa6 Rxa6 32. Rxa6 Qb7 33. Rfa1 c3 34. Ra8+ Kh7 35. e5 fxe5 36. dxe5 b4 37. R8a4 c5 38. e6 Qe4 39. Ra5 b3 40. R5a4 c4 0-1

[Event "Tapolca"]
[Site "Tapolca"]
[Date "1989.??.??"]
[Round "?"]
[White "Samovojska, Damir"]
[Black "Kumric, D."]
[Result "1-0"]
[WhiteElo "2365"]
[BlackElo "2200"]
[PlyCount "57"]
[EventDate "1989.??.??"]
[Source "www.chesslib.no"]
[SourceDate "2004.05.04"]

1. Nf3 d5 2. b4 Nf6 3. Bb2 Bf5 4. e3 e6 5. a3 Nbd7 6. Be2 Be7 7. Nh4 Bg6 8. Nxg6 hxg6 9. f4 c5 10. b5 c4 11. O-O O-O 12. Bd4 Bc5 13. Bxc5 Nxc5 14. Qe1 Nfe4 15. d3 Qf6 16. Ra2 Nd6 17. Nd2 cxd3 18. cxd3 Nxb5 19. Nf3 Nd6 20. g4 Qe7 21. Qg3 f6 22. Kh1 Nd7 23. Bd1 f5 24. Rb2 fxg4 25. Qxg4 Nf5 26. Re1 Nf6 27. Qxg6 Qxa3 28. Rxb7 Qxd3 29. Rxg7+ 1-0

[Event "Ch Russia (seniors)"]
[Site "?"]
[Date "2005.11.30"]
[Round "3"]
[White "Matveenko Yury (RUS)"]
[Black "Sambursky Vladimir (RUS)"]
[Result "0-1"]
[WhiteElo "2228"]
[BlackElo "2328"]
[PlyCount "156"]
[EventDate "2005.??.??"]
[Source "www.chesslib.no"]
[SourceDate "2004.05.04"]

1. Nf3 d5 2. b4 Nf6 3. Bb2 e6 4. b5 c5 5. e3 Nbd7 6. c4 Bd6 7. Be2 O-O 8. O-O Qc7 9. h3 dxc4 10. Bxc4 Ne5 11. Be2 Rd8 12. Na3 b6 13. Rc1 Bb7 14. d4 Nxf3+ 15. Bxf3 Bf8 16. Qe2 Ne4 17. Nc4 Rac8 18. dxc5 Bxc5 19. h4 Qe7 20. h5 Qg5 21. Rfd1 Bd5 22. Bd4 Bxc4 23. Rxc4 Nd6 24. Ra4 Bxd4 25. Raxd4 Nf5 26. Rxd8+ Rxd8 27. g3 h6 28. a4 Qe7 29. Be4 Nd6 30. Bc2 Ne8 31. Rxd8 Qxd8 32. Qf3 Qd5 33. e4 Qc5 34. Qd3 Kf8 35. g4 Ke7 36. Kg2 Nf6 37. Qe2 Qd4 38. Kg3 Nd7 39. Qd1 Qxd1 40. Bxd1 Kd6 41. f4 Kc5 42. e5 Kd4 43. Bf3 Nc5 44. Bc6 Ke3 45. f5 exf5 46. gxf5 Kd4 47. e6 fxe6 48. fxe6 Nxe6 49. Kg4 Ke5 50. Bf3 Nc5 51. Bd1 Nd7 52. Kf3 Nf6 53. Ke3 Nd5+ 54. Kf3 Kf5 55. Bc2+ Kg5 56. Ke4 Nf6+ 57. Ke5 Nxh5 58. Kd6 Nf6 59. Kc7 h5 60. Bd1 Kf4 61. Be2 h4 62. Bf1 Kg3 63. Kb7 h3 64. Bxh3 Kxh3 65. Kxa7 Nd5 66. Kb7 g5 67. Kc6 g4 68. a5 Nb4+ 69. Kxb6 g3 70. a6 g2 71. a7 g1=Q+ 72. Kb7 Qg2+ 73. Kb8 Qg3+ 74. Kb7 Qf3+ 75. Kb8 Qf4+ 76. Kb7 Qe4+ 77. Kb8 Qe5+ 78. Kb7 Qxb5+ 0-1

[Event "Buenos Aires FMDA"]
[Site "Buenos Aires ARG"]
[Date "1992.??.??"]
[Round "8"]
[White "Biagi, Eduardo"]
[Black "Cranbourne, Carlos"]
[Result "1/2-1/2"]
[WhiteElo "2265"]
[BlackElo "2285"]
[PlyCount "145"]
[EventDate "1992.??.??"]
[Source "www.chesslib.no"]
[SourceDate "2004.05.04"]

1. Nf3 d5 2. b4 c6 3. e3 Bg4 4. Be2 Nd7 5. d4 e6 6. a3 Ngf6 7. Nbd2 Be7 8. O-O O-O 9. Bb2 a5 10. bxa5 Qxa5 11. c4 dxc4 12. Nxc4 Qa4 13. Qc1 Rfc8 14. Bd1 Qb5 15. Nfe5 Bxd1 16. Rxd1 c5 17. Nxd7 Nxd7 18. d5 exd5 19. Rxd5 Nb6 20. Nxb6 Qxb6 21. Rb1 Qc6 22. e4 h6 23. Bc3 c4 24. Ra1 Bf6 25. h3 Bxc3 26. Qxc3 Qa4 27. e5 Rd8 28. Rc5 Rac8 29. Rxc8 Rxc8 30. Re1 Qd7 31. Re3 b5 32. Rg3 Rd8 33. a4 Qd1+ 34. Kh2 Qd2 35. axb5 Qxc3 36. Rxc3 Rb8 37. Rxc4 Rxb5 38. Re4 g5 39. Kg3 Kg7 40. Kf3 Kg6 41. g4 Rb3+ 42. Re3 Rb4 43. Kg3 Ra4 44. Rf3 Ra6 45. h4 Re6 46. h5+ Kg7 47. Re3 f6 48. exf6+ Rxf6 49. Re7+ Kg8 50. f3 Rf8 51. Kf2 Rf6 52. Ke3 Rf4 53. Re6 Kg7 54. Rg6+ Kh7 55. Re6 Rf7 56. Re5 Kg7 57. Rf5 Re7+ 58. Kd4 Rd7+ 59. Ke5 Re7+ 60. Kd6 Re3 61. Kd5 Rd3+ 62. Ke4 Rd7 63. f4 gxf4 64. Rxf4 Re7+ 65. Kf3 Ra7 66. Re4 Rf7+ 67. Ke3 Ra7 68. Kf4 Rf7+ 69. Ke5 Re7+ 70. Kf5 Rxe4 71. Kxe4 Kf6 72. Kf4 Ke6 73. Ke4 1/2-1/2

[Event "Dresden"]
[Site "?"]
[Date "2003.07.25"]
[Round "1"]
[White "Welling Gerard"]
[Black "Witte Ronald"]
[Result "1/2-1/2"]
[WhiteElo "2391"]
[BlackElo "2157"]
[PlyCount "85"]
[EventDate "2003.??.??"]
[Source "www.chesslib.no"]
[SourceDate "2004.05.04"]

1. Nf3 d5 2. b4 Nf6 3. Bb2 e6 4. a3 c5 5. bxc5 Bxc5 6. e3 O-O 7. c4 Nc6 8. d4 Be7 9. Nbd2 b6 10. Bd3 Bb7 11. O-O Na5 12. Ne5 dxc4 13. Ndxc4 Nxc4 14. Bxc4 Rc8 15. Qe2 Bd6 16. Rfd1 Qe7 17. Bd3 Bxe5 18. dxe5 Ne4 19. Rac1 Nc5 20. Bc2 Be4 21. Bd4 Qb7 22. Bxc5 Bxc2 23. Rxc2 Rxc5 24. Rxc5 bxc5 25. Qc4 Qc7 26. Rc1 Rc8 27. f4 Qa5 28. Qb4 Qb6 29. Qxb6 axb6 30. Rb1 Rb8 31. a4 Kf8 32. a5 Ke7 33. axb6 Kd7 34. Rd1+ Kc6 35. Rd6+ Kb5 36. Rd7 Rxb6 37. Rxf7 c4 38. Kf2 Kb4 39. Rxg7 c3 40. Rxh7 Rc6 41. Rb7+ Ka3 42. Ra7+ Kb2 43. Rb7+ 1/2-1/2